Library Logo

Pioneer International University Library Catalogue

THE GREEK WAY (Record no. 9728)

MARC details
000 -LEADER
fixed length control field 00384nam a22001457a 4500
003 - CONTROL NUMBER IDENTIFIER
control field OSt
005 - DATE AND TIME OF LATEST TRANSACTION
control field 20251029125200.0
008 - FIXED-LENGTH DATA ELEMENTS--GENERAL INFORMATION
fixed length control field 251029b |||||||| |||| 00| 0 eng d
020 ## - INTERNATIONAL STANDARD BOOK NUMBER
International Standard Book Number 039304162X
040 ## - CATALOGING SOURCE
Transcribing agency W.W NORTON & COMPANY
050 ## - LIBRARY OF CONGRESS CALL NUMBER
Classification number DF 77 .H36 1943
245 ## - TITLE STATEMENT
Title THE GREEK WAY
Statement of responsibility, etc. HAMILTON, EDITH
260 ## - PUBLICATION, DISTRIBUTION, ETC.
Place of publication, distribution, etc. NEW YORK, LONDON
Name of publisher, distributor, etc. W. W. NORTON & COMPANY
Date of publication, distribution, etc. 1943
942 ## - ADDED ENTRY ELEMENTS (KOHA)
Source of classification or shelving scheme Library of Congress Classification
Koha item type Books
Suppress in OPAC No
Holdings
Withdrawn status Lost status Source of classification or shelving scheme Damaged status Not for loan Home library Current library Date acquired Total checkouts Barcode Date last seen Price effective from Koha item type
    Library of Congress Classification     PIU Library PIU Library 10/30/2025   PIUDMUR739 10/30/2025 10/30/2025 Books